000 00642nam a2200253Ia 4500
003 OSt
005 20221006144620.0
006 a|||||r|||| 00| 0
007 ta
008 221006b |||||||| |||| 00| 0 eng d
020 _c95.00
024 _a12,134
037 _cTextual
040 _aEASL
_cEASL
_beng
041 _2eng
_aeng
082 _aV41y7M93, L7
100 _aHoward Roger
245 0 _aMao Tse-tung and the Chinese people
260 _aNew Delhi
_bVikas Pub.
_c1977
300 _a412p.
_ccm.
490 _v CEL
942 _hV41y7M93, L7
_cTEXL
_2CC
999 _c1080220
_d1080220